Aain-I-Amaliyaat (Record no. 3963)

MARC details
000 -LEADER
fixed length control field 00565nam a2200241 a 4500
020 ## - INTERNATIONAL STANDARD BOOK NUMBER
ISBN
082 00 - DEWEY DECIMAL CLASSIFICATION NUMBER
Classification number 297.33
Author Cutter REH
100 ## - MAIN ENTRY--AUTHOR NAME
Author name Rehman, Mohd Azeez
245 ## - TITLE STATEMENT
Title Aain-I-Amaliyaat
260 ## - PUBLICATION, DISTRIBUTION, ETC. (IMPRINT)
Place of publication Delhi
Name of publisher Maktaba Deeniyat
Year of publication 0000
300 ## - PHYSICAL DESCRIPTION
Number of Pages 384p
500 ## - GENERAL NOTE
General note includes index and biblioraphy
505 2# - FORMATTED CONTENTS NOTE
Formatted contents note Notes
650 ## - SUBJECT ADDED ENTRY--TOPICAL TERM
Topical Term Occultism-Islam
942 ## - ADDED ENTRY ELEMENTS (KOHA)
Koha item type Books
700 1# -
-- Rehman, Mohd Azeez
Holdings
Collection code Home library Current library Date acquired Cost, normal purchase price Full call number Accession Number Koha item type
  Henry Martyn Institute Library Henry Martyn Institute Library 07/31/2007 12.00 297.33 REH 09158 Books
                   Copyright © 2026 | Henry Martyn Institute | Hyderabad | TS-500052 | INDIA | Implemented by hmi.edu.in
Hit-Count:

Powered by Koha